Oracle application server web toolkit reference
The book includes undocumented strategies for designing, building, implementing, and supporting Web applications. Sample scripts, taken from real-life examples. It also shows how to build effective applications in an Oracle RDBMS environment
Đã lưu trong:
| Príomhúdar: | |
|---|---|
| Formáid: | Leabhar |
| Teanga: | Undetermined |
| Foilsithe: |
Berkeley, California
Osborne McGraw-Hill
1998
|
| Ábhair: | |
| Clibeanna: |
Cuir Clib Leis
Gan Chlibeanna, Bí ar an gcéad duine leis an taifead seo a chlibeáil!
|
| Thư viện lưu trữ: | Trung tâm Học liệu Trường Đại học Cần Thơ |
|---|
| LEADER | 00880nam a2200205Ia 4500 | ||
|---|---|---|---|
| 001 | CTU_32319 | ||
| 008 | 210402s9999 xx 000 0 und d | ||
| 020 | |b 457.000đ | ||
| 082 | |a 004.6186 | ||
| 082 | |b B877 | ||
| 100 | |a Bradley D Brown | ||
| 245 | 0 | |a Oracle application server web toolkit reference | |
| 245 | 0 | |c Bradley D Brown, Joseph C Trezzo, Richard J Niemiec | |
| 260 | |a Berkeley, California | ||
| 260 | |b Osborne McGraw-Hill | ||
| 260 | |c 1998 | ||
| 520 | |a The book includes undocumented strategies for designing, building, implementing, and supporting Web applications. Sample scripts, taken from real-life examples. It also shows how to build effective applications in an Oracle RDBMS environment | ||
| 650 | |a client/server computing,computer networks,network computer,web | ||
| 904 | |i Minh, 990731 | ||
| 980 | |a Trung tâm Học liệu Trường Đại học Cần Thơ | ||